[Event "Politiken Cup 27th"]
[Site "Copenhagen"]
[Date "2005.07.21"]
[Round "7"]
[White "Brekka, Hanus"]
[Black "Nielsen, Carl Otto"]
[Result "1-0"]
[WhiteElo "2105"]
[BlackElo "1978"]
[PlyCount "33"]
[EventDate "2005.07.16"]
[EventType "swiss"]
[EventRounds "10"]
[EventCountry "DEN"]
[SourceTitle "CBM 107 Extra"]
[Source "ChessBase"]
[SourceDate "2005.09.01"]
[SourceVersion "1"]
[SourceVersionDate "2005.09.01"]
[SourceQuality "1"]

1. e4 c5 2. Nf3 Nc6 3. d4 cxd4 4. Nxd4 Nf6 5. Nc3 d6 6. Be2 e5 7. Nb3 a5 8. Bb5 h6 9. Be3 Bd7 10. f3 Nb4 11. a3 Bxb5 12. axb4 a4 13. Nxb5 Nxe4 14. fxe4 Qh4+ 15. Kf1 Rc8 16. Rxa4 Qxe4 17. Qd3 1-0

[Event "Politiken Cup 27th"]
[Site "Copenhagen"]
[Date "2005.07.16"]
[Round "1"]
[White "Kargin, Arseny"]
[Black "Nielsen, Carl Otto"]
[Result "1-0"]
[WhiteElo "2408"]
[BlackElo "1978"]
[PlyCount "49"]
[EventDate "2005.07.16"]
[EventType "swiss"]
[EventRounds "10"]
[EventCountry "DEN"]
[SourceTitle "CBM 107 Extra"]
[Source "ChessBase"]
[SourceDate "2005.09.01"]
[SourceVersion "1"]
[SourceVersionDate "2005.09.01"]
[SourceQuality "1"]

1. e4 c5 2. Nf3 Nc6 3. d4 cxd4 4. Nxd4 Nf6 5. Nc3 e5 6. Ndb5 d6 7. Bg5 a6 8. Na3 b5 9. Bxf6 gxf6 10. Nd5 f5 11. Bd3 Be6 12. Qh5 Rg8 13. g3 Rg6 14. c3 f4 15. Qe2 Bh6 16. Nc2 Rc8 17. a4 bxa4 18. Bxa6 Rb8 19. Bb5 Bd7 20. Ncb4 Nxb4 21. Bxd7+ Qxd7 22. cxb4 Qc6 23. 0-0 Kf8 24. Rfc1 Qb5 25. Rc8+ 1-0

[Event "DEN-ch B5 Gr2 "]
[Site "Koge"]
[Date "2004.04.??"]
[Round "1"]
[White "Nielsen, Carl Otto"]
[Black "Christiansen, Per"]
[Result "1-0"]
[WhiteElo "1682"]
[BlackElo "1764"]
[PlyCount "73"]
[EventDate "2004.04.08"]
[EventType "swiss"]
[EventRounds "5"]
[EventCountry "DEN"]
[SourceTitle "EXT 2023"]
[Source "ChessBase"]
[SourceDate "2022.10.05"]
[SourceVersion "1"]
[SourceVersionDate "2022.10.05"]
[SourceQuality "1"]

1. d4 d5 2. c4 c6 3. Nf3 Nf6 4. Nc3 e6 5. cxd5 exd5 6. Bg5 Be7 7. e3 Nbd7 8. Bd3 Nf8 9. Ne5 Ng6 10. Bxf6 Bxf6 11. Nxg6 hxg6 12. Rb1 Qd6 13. h3 g5 14. g4 0-0 15. Qf3 Re8 16. 0-0 Bd8 17. b4 Bc7 18. Qg2 Bd7 19. a4 Rad8 20. Rfc1 Bc8 21. Ne2 g6 22. b5 Bd7 23. bxc6 bxc6 24. Rc5 Kg7 25. Rbc1 Rb8 26. e4 dxe4 27. Bxe4 Rb2 28. R5c2 Rxc2 29. Rxc2 Qb4 30. Qf3 Qxa4 31. Kg2 Bb6 32. Rxc6 Bxd4 33. Bd5 Re7 34. Rc4 Qxc4 35. Bxc4 Bf6 36. Nc3 Re5 37. Ne4 1-0

[Event "DEN-ch B5 Gr2 "]
[Site "Koge"]
[Date "2004.04.??"]
[Round "4"]
[White "Nielsen, Carl Otto"]
[Black "Hansen, Erik Hedegaard"]
[Result "1/2-1/2"]
[WhiteElo "1682"]
[BlackElo "1755"]
[PlyCount "106"]
[EventDate "2004.04.08"]
[EventType "swiss"]
[EventRounds "5"]
[EventCountry "DEN"]
[SourceTitle "EXT 2023"]
[Source "ChessBase"]
[SourceDate "2022.10.05"]
[SourceVersion "1"]
[SourceVersionDate "2022.10.05"]
[SourceQuality "1"]

1. d4 Nf6 2. c4 g6 3. g3 Bg7 4. Bg2 d5 5. Nc3 c6 6. cxd5 cxd5 7. Qb3 Nc6 8. Nf3 0-0 9. 0-0 Ne4 10. Rd1 Nxc3 11. Qxc3 Qb6 12. Bf4 Be6 13. e3 Rac8 14. Qd2 f6 15. h4 Bg4 16. Rdc1 Qb4 17. Rc3 h6 18. Nh2 Be6 19. g4 Bf7 20. a3 Qa5 21. Rac1 e5 22. b4 Qa4 23. dxe5 fxe5 24. Bg3 e4 25. Rc5 Rfd8 26. b5 Ne7 27. Rxc8 Rxc8 28. Rxc8+ Nxc8 29. Qc1 Be6 30. Qc5 Bf8 31. Qc7 Qxb5 32. Be5 Qd7 33. Qc3 Bg7 34. f4 Bxe5 35. Qxe5 Qd6 36. Qf6 Bf7 37. Qc3 Ne7 38. Qd4 Nc6 39. Qb2 b6 40. Nf1 Be8 41. Qd2 Bd7 42. Bxe4 d4 43. Bxc6 Bxc6 44. Qxd4 Qxd4 45. exd4 Kf7 46. Kf2 Ke6 47. Ne3 Be4 48. Ke2 b5 49. Kd2 a5 50. Kc3 Kd6 51. f5 gxf5 52. Nxf5+ Bxf5 53. gxf5 h5 1/2-1/2

[Event "Lovsprings op-B 13th"]
[Site "Ringsted"]
[Date "2002.05.03"]
[Round "7"]
[White "Pondal, Jesper"]
[Black "Nielsen, Carl Otto"]
[Result "1-0"]
[WhiteElo "1809"]
[BlackElo "1691"]
[PlyCount "111"]
[EventDate "2002.03.08"]
[EventType "swiss"]
[EventRounds "7"]
[EventCountry "DEN"]
[SourceTitle "EXT 2023"]
[Source "ChessBase"]
[SourceDate "2022.10.05"]
[SourceVersion "1"]
[SourceVersionDate "2022.10.05"]
[SourceQuality "1"]

1. d4 Nf6 2. Bg5 d5 3. Bxf6 exf6 4. e3 Bd6 5. c4 dxc4 6. Bxc4 0-0 7. Nc3 c6 8. Nge2 Qe7 9. Qc2 Be6 10. Bd3 g6 11. 0-0-0 Na6 12. Bxa6 bxa6 13. Ng3 Rab8 14. Rd2 Rb5 15. Nxb5 cxb5 16. Qb1 Bxg3 17. hxg3 Bf5 18. Qa1 Qe4 19. Rh2 Bg4 20. Qb1 Qd5 21. b3 Bf5 22. Qb2 Qe4 23. Kd1 Rc8 24. Ke2 Qg4+ 25. Ke1 Qe4 26. Kf1 b4 27. Rh4 Qc6 28. d5 Qb5+ 29. Kg1 Rc3 30. d6 Bd7 31. Rc4 Rxc4 32. bxc4 Qxc4 33. Rd4 Qc5 34. Qxb4 Qc1+ 35. Kh2 Qf1 36. Rf4 Bc6 37. e4 f5 38. f3 fxe4 39. fxe4 Qd1 40. Qc4 Qh5+ 41. Rh4 Qb5 42. Qxb5 axb5 43. e5 h5 44. Rd4 Bd7 45. Rd5 Kf8 46. Rc5 Ke8 47. Kg1 a5 48. Kf2 a4 49. a3 Kd8 50. Ke3 Be8 51. Kf4 Kd7 52. Rxb5 Kc6 53. Rb8 Bd7 54. Kg5 Kd5 55. Kf6 Be6 56. Ke7 1-0

[Event "Lovsprings op 12th B"]
[Site "Ringsted"]
[Date "2001.04.27"]
[Round "7"]
[White "Nielsen, Carl Otto"]
[Black "Holst, John"]
[Result "1-0"]
[WhiteElo "1718"]
[BlackElo "1711"]
[PlyCount "79"]
[EventDate "2001.03.02"]
[EventType "swiss"]
[EventRounds "7"]
[EventCountry "DEN"]
[SourceTitle "EXT 2023"]
[Source "ChessBase"]
[SourceDate "2022.10.05"]
[SourceVersion "1"]
[SourceVersionDate "2022.10.05"]
[SourceQuality "1"]

1. d4 b6 2. e4 Bb7 3. Nc3 e6 4. a3 c5 5. d5 d6 6. Bc4 e5 7. Qd3 Be7 8. Nge2 Nf6 9. 0-0 a6 10. a4 Nbd7 11. Ng3 h5 12. Nf5 g6 13. Nxe7 Qxe7 14. Bg5 Qf8 15. Bxf6 Nxf6 16. f4 Ng4 17. h3 Qh6 18. hxg4 hxg4 19. Qg3 0-0-0 20. fxe5 dxe5 21. Rad1 Rh7 22. Qxg4+ Kb8 23. Rf3 f5 24. exf5 gxf5 25. Qxf5 Qh2+ 26. Kf2 Rg7 27. Qh3 Qxh3 28. Rxh3 Rdg8 29. g3 Rg4 30. Be2 Rb4 31. b3 Rf8+ 32. Ke3 Rd4 33. Rh4 Rg8 34. g4 Bc8 35. Ne4 Bb7 36. Rxd4 cxd4+ 37. Kd3 Rf8 38. Rh5 Bxd5 39. Rxe5 Bg8 40. Kxd4 1-0

[Event "Lovsprings op 12th B"]
[Site "Ringsted"]
[Date "2001.04.20"]
[Round "6"]
[White "Nielsen, Carl Otto"]
[Black "Jensen, Karsten"]
[Result "1/2-1/2"]
[WhiteElo "1718"]
[BlackElo "1727"]
[PlyCount "88"]
[EventDate "2001.03.02"]
[EventType "swiss"]
[EventRounds "7"]
[EventCountry "DEN"]
[SourceTitle "EXT 2023"]
[Source "ChessBase"]
[SourceDate "2022.10.05"]
[SourceVersion "1"]
[SourceVersionDate "2022.10.05"]
[SourceQuality "1"]

1. d4 d5 2. Nf3 e6 3. c4 c6 4. Nc3 f5 5. Bg5 Be7 6. Bxe7 Nxe7 7. e3 Ng6 8. g3 Nd7 9. cxd5 exd5 10. Bg2 Nf6 11. 0-0 h5 12. h4 Ng4 13. Ng5 0-0 14. Ne2 Re8 15. Qd3 Qd6 16. Nf4 Nxf4 17. gxf4 Re7 18. Bh3 Bd7 19. Bxg4 hxg4 20. Kg2 Rae8 21. Rh1 Rf8 22. Rh2 Rf6 23. Kg3 Rg6 24. Rc1 Qb4 25. Qc3 Qb5 26. f3 gxf3 27. Kxf3 b6 28. b4 Qa6 29. Qb3 Qb7 30. Kf2 Kf8 31. Nf3 Rh6 32. Ne5 Ree6 33. Qd3 Rh5 34. Rg1 Reh6 35. Nf3 Be8 36. Rhg2 g6 37. Rg5 Qe7 38. Rxh5 Rxh5 39. a3 Kg7 40. Rg5 Kh6 41. Qc2 Qe4 42. Rxh5+ Kxh5 43. Qd1 Kh6 44. Qg1 Qc2+ 1/2-1/2

[Event "Lovsprings op 12th B"]
[Site "Ringsted"]
[Date "2001.03.30"]
[Round "5"]
[White "Olsen, Morten Henrik"]
[Black "Nielsen, Carl Otto"]
[Result "1-0"]
[WhiteElo "1735"]
[BlackElo "1718"]
[PlyCount "105"]
[EventDate "2001.03.02"]
[EventType "swiss"]
[EventRounds "7"]
[EventCountry "DEN"]
[SourceTitle "EXT 2023"]
[Source "ChessBase"]
[SourceDate "2022.10.05"]
[SourceVersion "1"]
[SourceVersionDate "2022.10.05"]
[SourceQuality "1"]

1. e4 c5 2. Nf3 Nc6 3. d4 cxd4 4. Nxd4 e6 5. Nxc6 bxc6 6. Qd4 d5 7. exd5 cxd5 8. c4 Nf6 9. c5 Qa5+ 10. b4 Qc7 11. Bf4 Qb7 12. a4 a6 13. Be2 Bd7 14. 0-0 Rc8 15. Rc1 Be7 16. Nd2 0-0 17. b5 axb5 18. axb5 Ne4 19. Nxe4 dxe4 20. c6 Bxc6 21. bxc6 Rxc6 22. Be5 f6 23. Rxc6 Qxc6 24. Qc3 Qb7 25. Qc7 Qb4 26. Bc3 Qc5 27. Ra7 Qxc7 28. Rxc7 Bd6 29. Rd7 Bf4 30. g3 Rc8 31. Bxf6 gxf6 32. gxf4 Rc1+ 33. Bf1 f5 34. Re7 Rc6 35. Bb5 Rc1+ 36. Kg2 Rc5 37. Bd7 e5 38. Bxf5 exf4 39. Bxh7+ Kf8 40. Rxe4 Rg5+ 41. Kf3 Rh5 42. Rxf4+ Kg7 43. Be4 Rxh2 44. Rg4+ Kf6 45. Kg3 Rh8 46. Kf4 Rh6 47. Ke3 Ke5 48. f4+ Kf6 49. Kd4 Rh2 50. Rg6+ Kf7 51. f5 Rh4 52. Ke5 Ke7 53. Bd5 1-0

[Event "Lovsprings op 11th B"]
[Site "Ringsted"]
[Date "2000.03.31"]
[Round "2"]
[White "Jensen, Morten Frank"]
[Black "Nielsen, Carl Otto"]
[Result "1-0"]
[WhiteElo "1829"]
[BlackElo "1729"]
[PlyCount "71"]
[EventDate "2000.03.24"]
[EventType "swiss"]
[EventRounds "7"]
[EventCountry "DEN"]
[SourceTitle "EXT 2023"]
[Source "ChessBase"]
[SourceDate "2022.10.05"]
[SourceVersion "1"]
[SourceVersionDate "2022.10.05"]
[SourceQuality "1"]

1. Nc3 c5 2. Nf3 Nc6 3. d4 cxd4 4. Nxd4 Nf6 5. Bf4 d6 6. Nxc6 bxc6 7. e4 e5 8. Bg5 Be7 9. Bc4 0-0 10. 0-0 Be6 11. Bb3 Qc7 12. Qe2 a5 13. Kh1 Ne8 14. Be3 Nf6 15. Rad1 Rfd8 16. Na4 Rab8 17. Bxe6 fxe6 18. f3 d5 19. b3 d4 20. Bc1 Bb4 21. f4 Bd6 22. fxe5 Bxe5 23. Nc5 Qe7 24. Qc4 Re8 25. Nd3 Bxh2 26. Kxh2 Nxe4 27. g3 Rb5 28. Qxc6 Rh5+ 29. Kg2 Nxg3 30. Ba3 Qd8 31. Rf4 Nf5 32. Kf3 Rh3+ 33. Ke2 e5 34. Rxf5 g6 35. Rg1 e4 36. Rxg6+ 1-0

[Event "Lovsprings op 10th B"]
[Site "Ringsted"]
[Date "1998.05.15"]
[Round "6"]
[White "Nielsen, Carl Otto"]
[Black "Olsen, Morten Henrik"]
[Result "1-0"]
[WhiteElo "1679"]
[BlackElo "1724"]
[PlyCount "103"]
[EventDate "1998.03.13"]
[EventType "swiss"]
[EventRounds "7"]
[EventCountry "DEN"]
[SourceTitle "EXT 2023"]
[Source "ChessBase"]
[SourceDate "2022.10.05"]
[SourceVersion "1"]
[SourceVersionDate "2022.10.05"]
[SourceQuality "1"]

1. d4 d5 2. c4 dxc4 3. e3 Nf6 4. Bxc4 c5 5. Nf3 a6 6. a4 Nc6 7. 0-0 Bg4 8. Qb3 e6 9. Ne5 Na5 10. Qc3 cxd4 11. Qxd4 Qxd4 12. exd4 Nxc4 13. Nxc4 Be2 14. Nb6 Rd8 15. Re1 Rxd4 16. Be3 Rd1 17. Nc3 Rxa1 18. Rxa1 Bh5 19. f3 Bd6 20. Rd1 Ke7 21. Nc4 Bc7 22. Bc5+ Ke8 23. Bd6 Bd8 24. Be5 Be7 25. Bd6 Nd7 26. Ne4 Bg6 27. Bxe7 Kxe7 28. Ned6 b6 29. Rd2 Rb8 30. Kf2 f6 31. Ke3 h5 32. h4 Bb1 33. b4 g5 34. hxg5 fxg5 35. Ne4 Bxe4 36. fxe4 Rc8 37. Rxd7+ Kxd7 38. Nxb6+ Kc7 39. Nxc8 Kxc8 40. Kd4 g4 41. Ke5 Kd7 42. g3 Ke7 43. Kf4 Kd6 44. Kg5 Ke5 45. b5 axb5 46. axb5 Kd6 47. Kxh5 Kc5 48. Kxg4 Kxb5 49. Kf4 Kc6 50. Kg5 Kd6 51. Kf6 Kd7 52. g4 1-0

[Event "Lovsprings op 09th C"]
[Site "Ringsted"]
[Date "1997.05.16"]
[Round "7"]
[White "Nielsen, Carl Otto"]
[Black "Paustian, Dennis"]
[Result "1-0"]
[WhiteElo "1668"]
[BlackElo "1535"]
[PlyCount "57"]
[EventDate "1997.03.14"]
[EventType "swiss"]
[EventRounds "7"]
[EventCountry "DEN"]
[SourceTitle "EXT 2023"]
[Source "ChessBase"]
[SourceDate "2022.10.05"]
[SourceVersion "1"]
[SourceVersionDate "2022.10.05"]
[SourceQuality "1"]

1. d4 d5 2. c4 e6 3. Nc3 Nf6 4. Nf3 c6 5. Bg5 Nbd7 6. cxd5 cxd5 7. e3 Qa5 8. Bd3 Bb4 9. Qc2 b6 10. 0-0 Ba6 11. Rac1 Bxd3 12. Qxd3 Bxc3 13. Qxc3 Qxc3 14. Rxc3 0-0 15. Bxf6 Nxf6 16. Rfc1 Ne4 17. Rc7 Nd6 18. b3 Rac8 19. Kf1 Rxc7 20. Rxc7 Ra8 21. Ne5 f6 22. Nc6 Nb5 23. Re7 Rc8 24. Nxa7 Rc1+ 25. Ke2 Nc3+ 26. Kf3 Nxa2 27. Rxe6 Rc7 28. Nb5 Rb7 29. Re8+ 1-0

[Event "Lovsprings op 09th C"]
[Site "Ringsted"]
[Date "1997.05.02"]
[Round "6"]
[White "Nielsen, Carl Otto"]
[Black "Schmidt, Torben"]
[Result "0-1"]
[WhiteElo "1668"]
[BlackElo "1644"]
[PlyCount "82"]
[EventDate "1997.03.14"]
[EventType "swiss"]
[EventRounds "7"]
[EventCountry "DEN"]
[SourceTitle "EXT 2023"]
[Source "ChessBase"]
[SourceDate "2022.10.05"]
[SourceVersion "1"]
[SourceVersionDate "2022.10.05"]
[SourceQuality "1"]

1. d4 d5 2. Nf3 Nf6 3. c4 e6 4. Nc3 Bb4 5. e3 0-0 6. Bd3 Nbd7 7. 0-0 Bxc3 8. bxc3 c6 9. Ba3 Re8 10. Bd6 dxc4 11. Bxc4 Nb6 12. Bd3 Qxd6 13. e4 Qe7 14. e5 Ng4 15. h3 Nh6 16. Qe2 Nd5 17. g3 b5 18. Qc2 g6 19. h4 a5 20. Ng5 Nf5 21. Rae1 b4 22. Bxf5 gxf5 23. c4 Nc3 24. g4 h6 25. gxf5 exf5 26. Nf3 Be6 27. Kh2 Kh7 28. Re3 Rg8 29. Rxc3 bxc3 30. d5 cxd5 31. cxd5 Rg4 32. Kh3 Bxd5 33. Qxf5+ Rg6 34. h5 Be6 35. hxg6+ fxg6 36. Qxe6 Qxe6+ 37. Kg3 c2 38. Rh1 Kg7 39. Rc1 Rc8 40. Kf4 Qf5+ 41. Ke3 Rc3+ 0-1

[Event "Lovsprings op 09th C"]
[Site "Ringsted"]
[Date "1997.04.18"]
[Round "5"]
[White "Lassur, Benjamin"]
[Black "Nielsen, Carl Otto"]
[Result "1-0"]
[WhiteElo "1686"]
[BlackElo "1668"]
[PlyCount "97"]
[EventDate "1997.03.14"]
[EventType "swiss"]
[EventRounds "7"]
[EventCountry "DEN"]
[SourceTitle "EXT 2023"]
[Source "ChessBase"]
[SourceDate "2022.10.05"]
[SourceVersion "1"]
[SourceVersionDate "2022.10.05"]
[SourceQuality "1"]

1. c4 Nf6 2. Nc3 e6 3. g3 c5 4. Bg2 Nc6 5. d3 Be7 6. Bg5 h6 7. Bd2 0-0 8. Qc1 Re8 9. e4 Ne5 10. Qc2 d6 11. f4 Nc6 12. Nge2 Bf8 13. 0-0 Bd7 14. Rae1 g6 15. a3 Bg7 16. Qc1 Na5 17. Qd1 Nc6 18. Nb5 Bc8 19. Bc3 Ng4 20. Qd2 a6 21. Bxg7 Kxg7 22. Nbc3 Nd4 23. h3 Nxe2+ 24. Qxe2 Nf6 25. Qf2 e5 26. fxe5 Rxe5 27. Nd5 Re6 28. Re3 Nxd5 29. Qxf7+ Kh8 30. cxd5 Re5 31. Qxg6 Re7 32. Qxh6+ Kg8 33. Ref3 Rg7 34. Rf8+ Qxf8 35. Rxf8+ Kxf8 36. Qxd6+ Kg8 37. g4 Bd7 38. Qxc5 Rc8 39. Qd4 Rc1+ 40. Kh2 Rf7 41. Kg3 Bb5 42. a4 Bd7 43. e5 Rg7 44. d6 Rd1 45. Bd5+ Kf8 46. e6 Bxa4 47. e7+ Ke8 48. Qxg7 Rxd3+ 49. Kh4 1-0

[Event "Lovsprings op 09th C"]
[Site "Ringsted"]
[Date "1997.04.11"]
[Round "4"]
[White "Riise, Kim"]
[Black "Nielsen, Carl Otto"]
[Result "1/2-1/2"]
[WhiteElo "1560"]
[BlackElo "1668"]
[PlyCount "62"]
[EventDate "1997.03.14"]
[EventType "swiss"]
[EventRounds "7"]
[EventCountry "DEN"]
[SourceTitle "EXT 2023"]
[Source "ChessBase"]
[SourceDate "2022.10.05"]
[SourceVersion "1"]
[SourceVersionDate "2022.10.05"]
[SourceQuality "1"]

1. e4 c6 2. Nc3 d5 3. Nf3 Bg4 4. h3 Bxf3 5. Qxf3 Nf6 6. exd5 cxd5 7. Bb5+ Nc6 8. 0-0 e6 9. Re1 Be7 10. d4 Rc8 11. Bg5 0-0 12. Bxc6 Rxc6 13. Qd3 a6 14. Ne2 b5 15. c3 Qd7 16. Nf4 Ne4 17. Bxe7 Qxe7 18. f3 Nf6 19. Qd2 Qd6 20. Nd3 Nd7 21. Ne5 Nxe5 22. Rxe5 Rfc8 23. a3 a5 24. Re2 a4 25. Qg5 Kf8 26. f4 h6 27. Qe5 Qxe5 28. fxe5 Rc4 29. Rf2 R8c7 30. h4 h5 31. g3 Kg8 1/2-1/2

[Event "Lovsprings op 09th C"]
[Site "Ringsted"]
[Date "1997.03.14"]
[Round "1"]
[White "Hansen, Henning"]
[Black "Nielsen, Carl Otto"]
[Result "0-1"]
[WhiteElo "1590"]
[BlackElo "1668"]
[PlyCount "136"]
[EventDate "1997.03.14"]
[EventType "swiss"]
[EventRounds "7"]
[EventCountry "DEN"]
[SourceTitle "EXT 2023"]
[Source "ChessBase"]
[SourceDate "2022.10.05"]
[SourceVersion "1"]
[SourceVersionDate "2022.10.05"]
[SourceQuality "1"]

1. e4 c6 2. d4 d5 3. exd5 cxd5 4. c4 e6 5. c5 Nf6 6. b4 Be7 7. Nf3 0-0 8. a4 b6 9. Na3 a5 10. Qb3 axb4 11. Qxb4 Nbd7 12. Be3 bxc5 13. dxc5 e5 14. Bb5 d4 15. Bd2 Bxc5 16. Qc4 Qe7 17. Nc2 Bb7 18. Qe2 Rfe8 19. Nh4 Be4 20. Bd3 Bxd3 21. Qxd3 e4 22. Qg3 Nh5 23. Qh3 g6 24. 0-0 d3 25. Ne1 Bd4 26. Ra2 Qe6 27. Qxe6 Rxe6 28. g4 Ng7 29. Nhg2 Rea6 30. a5 Bb6 31. Nf4 Bxa5 32. Nd5 Bxd2 33. Rxd2 Ra2 34. Rd1 R8a5 35. Nc3 Re2 36. Nxe2 dxe2 37. Rxd7 Ne6 38. f3 exf1Q+ 39. Kxf1 exf3 40. Nxf3 Ng5 41. Nd4 Ra1+ 42. Kg2 Ra4 43. Kg3 Ra3+ 44. Kg2 Kf8 45. Rd8+ Kg7 46. Rd7 h6 47. h4 Ne4 48. Ne6+ Kf6 49. Nd8 Rg3+ 50. Kh2 Rxg4 51. Rxf7+ Ke5 52. Kh3 h5 53. Rf3 Kd5 54. Nf7 Rg1 55. Kh2 Rg4 56. Kh3 Kd4 57. Nh6 Rg1 58. Kh2 Ra1 59. Nf7 Ra2+ 60. Kh3 Nf2+ 61. Kg3 Ng4 62. Ng5 Re2 63. Rf4+ Kd3 64. Nh3 Ne3 65. Nf2+ Kc3 66. Kf3 Re1 67. Rf6 Nc4 68. Rxg6 Ne5+ 0-1

[Event "Lovsprings op 08th C"]
[Site "Ringsted"]
[Date "1996.04.19"]
[Round "6"]
[White "Nielsen, Carl Otto"]
[Black "Jorgensen, Mikkel"]
[Result "1-0"]
[WhiteElo "1658"]
[BlackElo "1600"]
[PlyCount "55"]
[EventDate "1996.03.08"]
[EventType "swiss"]
[EventRounds "7"]
[EventCountry "DEN"]
[SourceTitle "EXT 2023"]
[Source "ChessBase"]
[SourceDate "2022.10.05"]
[SourceVersion "1"]
[SourceVersionDate "2022.10.05"]
[SourceQuality "1"]

1. d4 Nf6 2. c4 e5 3. dxe5 Ne4 4. a3 Nc6 5. Nf3 d6 6. Qc2 Bf5 7. Nc3 Ng3 8. e4 Nxh1 9. exf5 dxe5 10. Be3 Be7 11. Rd1 Qc8 12. Bd3 h6 13. Kf1 0-0 14. Kg1 Nxf2 15. Qxf2 Re8 16. Qg3 Kf8 17. Qh3 Rd8 18. Bxh6 gxh6 19. Qxh6+ Ke8 20. Nd5 Rd6 21. Qh8+ Bf8 22. Nf6+ Ke7 23. Ng8+ Ke8 24. Nxe5 Qd8 25. c5 Rxd3 26. Rxd3 Qg5 27. Nf6+ Ke7 28. Rd7# 1-0

[Event "Lovsprings op 08th C"]
[Site "Ringsted"]
[Date "1996.03.08"]
[Round "1"]
[White "Nielsen, Carl Otto"]
[Black "Birk, Birger"]
[Result "1-0"]
[WhiteElo "1658"]
[BlackElo "1543"]
[PlyCount "81"]
[EventDate "1996.03.08"]
[EventType "swiss"]
[EventRounds "7"]
[EventCountry "DEN"]
[SourceTitle "EXT 2023"]
[Source "ChessBase"]
[SourceDate "2022.10.05"]
[SourceVersion "1"]
[SourceVersionDate "2022.10.05"]
[SourceQuality "1"]

1. d4 Nf6 2. c4 c5 3. d5 b5 4. e3 g6 5. Nf3 d6 6. cxb5 a6 7. Nc3 Bg7 8. Bc4 0-0 9. 0-0 Nbd7 10. bxa6 Bxa6 11. Bxa6 Rxa6 12. Qe2 Qa8 13. e4 Rb8 14. Nd2 Nb6 15. a3 Na4 16. Nxa4 Rxa4 17. b3 Nd7 18. Rb1 Ra7 19. Nc4 Rab7 20. Qd3 Qa6 21. Qc2 Nb6 22. Nxb6 Rxb6 23. Rd1 Qb7 24. Bg5 h6 25. Be3 Rxb3 26. Rxb3 Qxb3 27. Qd2 Ra8 28. Rf1 g5 29. Qe2 Rxa3 30. Qg4 e6 31. h4 Ra8 32. hxg5 h5 33. Qxh5 exd5 34. g6 fxg6 35. Qxg6 d4 36. Bh6 Qf7 37. Qxd6 Bxh6 38. Qxh6 c4 39. Qg5+ Kh7 40. g3 d3 41. Kg2 1-0

[Event "Lovfalds 09th B"]
[Site "Ringsted"]
[Date "1995.09.10"]
[Round "4"]
[White "Nielsen, Carl Otto"]
[Black "Jorgensen, Mikkel"]
[Result "1/2-1/2"]
[WhiteElo "1644"]
[BlackElo "1562"]
[PlyCount "116"]
[EventDate "1995.09.08"]
[EventType "tourn"]
[EventRounds "5"]
[EventCountry "DEN"]
[SourceTitle "EXT 2023"]
[Source "ChessBase"]
[SourceDate "2022.10.05"]
[SourceVersion "1"]
[SourceVersionDate "2022.10.05"]
[SourceQuality "1"]

1. d4 Nf6 2. c4 d6 3. Nc3 Nbd7 4. e4 e5 5. Nf3 Be7 6. d5 0-0 7. Bd3 c6 8. 0-0 Qc7 9. h3 a6 10. a4 a5 11. Be3 Nc5 12. Rc1 Bd7 13. Bc2 Rfd8 14. Nd2 cxd5 15. cxd5 Qc8 16. Qf3 b6 17. Kh2 Qa6 18. Bd1 Rac8 19. Be2 Qb7 20. Nb5 Nxa4 21. Nc4 Bxb5 22. Nxd6 Bxe2 23. Nxb7 Bxf3 24. Nxd8 Rxc1 25. Rxc1 Bxe4 26. Rc8 h6 27. Nc6+ Kh7 28. Nxe7 Nxd5 29. Nxd5 Bxd5 30. Rb8 Nxb2 31. Rxb6 Nc4 32. Rb5 Nxe3 33. fxe3 Bc4 34. Rxa5 e4 35. Rc5 Bd3 36. Kg3 g5 37. Kg4 Be2+ 38. Kf5 Bf1 39. Rc2 Bd3 40. Rb2 Kg7 41. g3 Bf1 42. h4 Bh3+ 43. Kxe4 f5+ 44. Ke5 Kg6 45. hxg5 Kxg5 46. Rb4 Bg4 47. Rd4 Bf3 48. Rd8 Bg4 49. Rg8+ Kh5 50. Kf6 Bh3 51. Rg7 Bg4 52. Re7 Bh3 53. Re5 Kg4 54. Rxf5 Kxg3 55. Rh5 Bg2 56. Ke5 Kf3 57. e4 Ke3 58. Rxh6 Bxe4 1/2-1/2

[Event "Lovfalds 09th B"]
[Site "Ringsted"]
[Date "1995.09.09"]
[Round "3"]
[White "Svava, Mogens"]
[Black "Nielsen, Carl Otto"]
[Result "1-0"]
[WhiteElo "1586"]
[BlackElo "1644"]
[PlyCount "71"]
[EventDate "1995.09.08"]
[EventType "tourn"]
[EventRounds "5"]
[EventCountry "DEN"]
[SourceTitle "EXT 2023"]
[Source "ChessBase"]
[SourceDate "2022.10.05"]
[SourceVersion "1"]
[SourceVersionDate "2022.10.05"]
[SourceQuality "1"]

1. f4 d5 2. Nf3 g6 3. g3 Bg7 4. d4 Nf6 5. Nc3 b6 6. Be3 Bb7 7. Bg2 e6 8. Qd2 Nc6 9. h3 Qe7 10. a3 a6 11. Bf2 b5 12. 0-0 0-0 13. Rfb1 Nd7 14. Ne1 Na5 15. Nxd5 exd5 16. Qxa5 Nb6 17. e3 Nc4 18. Qb4 Qe6 19. Qc3 c5 20. b3 cxd4 21. exd4 Nd6 22. Nd3 Rac8 23. Nc5 Qf5 24. Qd2 Rc7 25. c3 Ne4 26. Nxe4 dxe4 27. Re1 Qe6 28. Rab1 f5 29. Bf1 Qc6 30. Re3 Qe6 31. c4 Qd6 32. Rc3 Rd8 33. cxb5 Rxc3 34. Qxc3 e3 35. Bxe3 Qd5 36. Bc4 1-0

[Event "Lovfalds 08th D"]
[Site "Ringsted"]
[Date "1994.09.09"]
[Round "2"]
[White "Nielsen, Carl Otto"]
[Black "Hojlund, Ib"]
[Result "0-1"]
[WhiteElo "1597"]
[BlackElo "1579"]
[PlyCount "122"]
[EventDate "1994.09.02"]
[EventType "tourn"]
[EventRounds "5"]
[EventCountry "DEN"]
[SourceTitle "EXT 2023"]
[Source "ChessBase"]
[SourceDate "2022.10.05"]
[SourceVersion "1"]
[SourceVersionDate "2022.10.05"]
[SourceQuality "1"]

1. d4 Nf6 2. c4 e6 3. Nc3 Bb4 4. e3 0-0 5. Bd3 d5 6. a3 Bxc3+ 7. bxc3 Nbd7 8. Nf3 Ne4 9. Qc2 f5 10. cxd5 exd5 11. 0-0 c6 12. c4 Ndf6 13. cxd5 cxd5 14. Ne5 Be6 15. Qb2 Nd6 16. Qe2 Nfe4 17. Bb2 Rf6 18. f3 Ng5 19. h4 Ngf7 20. e4 Rh6 21. g3 f4 22. Bc1 g5 23. Ng4 Rh5 24. gxf4 Rxh4 25. f5 Bd7 26. Rf2 h5 27. Ne5 dxe4 28. fxe4 Bc6 29. Nxc6 bxc6 30. Rh2 g4 31. Bf4 Ng5 32. Kf1 Nf3 33. Rxh4 Qxh4 34. Qg2 Rd8 35. Bg3 Qg5 36. Rd1 h4 37. Be5 Nxe4 38. Bxe4 Nxe5 39. Qd2 Qxd2 40. Rxd2 Nc4 41. Rd3 Rd6 42. d5 Ne5 43. dxc6 Rxd3 44. Bxd3 Nxc6 45. Kg2 Kf7 46. Be2 Ne5 47. Bxg4 Nxg4 48. Kh3 Ne3 49. Kxh4 Kf6 50. Kg3 Kxf5 51. Kf3 Nc4 52. a4 Ke5 53. Ke2 Kd4 54. Kd1 Kc3 55. Kc1 Na3 56. a5 a6 57. Kd1 Kb2 58. Kd2 Nc4+ 59. Kd3 Kb3 60. Kd4 Nxa5 61. Kc5 Nc4 0-1